Liste des monsieur madame - Statistiques

Statistiques générales
  • Ce quiz a été pris 44 fois
  • Le résultat moyen est 16 sur 40
Statistiques - réponses
Par images Réponse % Correct
Chatouille
79%
Grand
76%
Costaud
71%
Princesse
71%
Heureux
66%
Glouton
63%
Sale
61%
Malchance
58%
Bavarde
53%
Tatillon
53%
Timide
53%
à l Envers
50%
Curieux
45%
Petit
45%
Bonheur
42%
Chipie
42%
Rêve
42%
Pressé
39%
Rigolo
39%
Autoritaire
37%
Sage
37%
Beauté
34%
Bruit
32%
Dodue
32%
Double
32%
Malpoli
32%
Nigaud
32%
Pourquoi
32%
Câlin
29%
Maigre
29%
Malin
26%
Bizarre
24%
Oui
21%
Têtue
21%
Chance
18%
Follette
16%
Invention
16%
Lumineuse
16%
Catastrophe
13%
Fabuleuse
13%
Aucun quiz correspondant
Distribution des résultats
% des personnes avec chaque résultat
Percentile par nombre de réponses
Votre historique - résultats
Vous n’avez pas pris ce quiz